[Event "GRE-chT 42nd"]
[Site "Porto Rio"]
[Date "2014.06.28"]
[Round "1.9"]
[White "Andromedas, Georgios"]
[Black "Kontis, Michail"]
[Result "1-0"]
[WhiteElo "1570"]
[BlackElo "1582"]
[PlyCount "69"]
[EventDate "2014.06.28"]
[EventType "team-swiss"]
[EventRounds "7"]
[EventCountry "GRE"]
[SourceTitle "CBM 161 Extra"]
[Source "ChessBase"]
[SourceDate "2014.08.29"]
[SourceVersion "1"]
[SourceVersionDate "2014.08.29"]
[SourceQuality "1"]
[WhiteTeam "Chess Spring"]
[BlackTeam "Ikarias Tzelepis"]
[WhiteTeamCountry "GRE"]
[BlackTeamCountry "GRE"]

1. d4 Nf6 2. f4 e6 3. Nf3 b6 4. e3 Bb7 5. Bd3 Be7 6. 0-0 d6 7. Nbd2 Nbd7 8. e4 c5 9. c3 Rc8 10. b3 d5 11. e5 Ne4 12. Bb2 cxd4 13. cxd4 Bb4 14. Rc1 0-0 15. Qe2 Bc3 16. Nxe4 dxe4 17. Rxc3 Rxc3 18. Bxc3 exf3 19. gxf3 Qh4 20. Be4 Bxe4 21. Qxe4 g6 22. Be1 Qe7 23. Rf2 Rc8 24. Rc2 Qd8 25. Rc6 Nb8 26. Rd6 Qc7 27. d5 Qc5+ 28. Bf2 Qc1+ 29. Kg2 exd5 30. Rxd5 Na6 31. e6 fxe6 32. Qxe6+ Kf8 33. Rd7 Qxf4 34. Qe7+ Kg8 35. Qg7# 1-0

[Event "Kalavryta Rapid"]
[Site "Kalavryta"]
[Date "2013.12.08"]
[Round "5.5"]
[White "Deligiannis, Paraskevas"]
[Black "Kontis, Michail"]
[Result "1-0"]
[WhiteElo "1597"]
[BlackElo "1664"]
[PlyCount "57"]
[EventDate "2013.12.07"]
[EventType "swiss (rapid)"]
[EventRounds "7"]
[EventCountry "GRE"]
[SourceTitle "EXT 2024"]
[Source "ChessBase"]
[SourceDate "2023.10.10"]
[SourceVersion "1"]
[SourceVersionDate "2023.10.10"]
[SourceQuality "1"]

1. e4 c5 2. f4 g6 3. Nf3 Bg7 4. c3 d6 5. d3 Nc6 6. g3 Nf6 7. Bg2 0-0 8. 0-0 a6 9. Na3 Bd7 10. h3 Rb8 11. Be3 b5 12. Nc2 b4 13. Kh2 a5 14. e5 Ne8 15. d4 cxd4 16. cxd4 dxe5 17. fxe5 Be6 18. Ng5 Bd5 19. Ne4 b3 20. axb3 Rxb3 21. Qc1 Qb6 22. Nc5 Bxg2 23. Kxg2 Rxb2 24. Nd7 Qb7 25. Nc5 Qb5 26. Rf2 Nc7 27. Kg1 Nd5 28. Na3 Ncb4 29. Nxb5 1-0

[Event "GRE-chT 41st"]
[Site "Achaia"]
[Date "2013.07.04"]
[Round "4.10"]
[White "Kontis, Michail"]
[Black "Andromedas, Georgios"]
[Result "0-1"]
[WhiteElo "1506"]
[BlackElo "1487"]
[PlyCount "142"]
[EventDate "2013.07.02"]
[EventType "team-swiss"]
[EventRounds "7"]
[EventCountry "GRE"]
[SourceTitle "CBM 155 Extra"]
[Source "ChessBase"]
[SourceDate "2013.08.26"]
[SourceVersion "1"]
[SourceVersionDate "2013.08.26"]
[SourceQuality "1"]
[WhiteTeam "Ikarias Tzelepis"]
[BlackTeam "Chess Spring"]
[WhiteTeamCountry "GRE"]
[BlackTeamCountry "GRE"]

1. e4 e5 2. Nf3 Nc6 3. Bc4 Bc5 4. d3 Nf6 5. 0-0 d6 6. h3 h6 7. c3 Be6 8. Bxe6 fxe6 9. Qb3 Qc8 10. Nbd2 0-0 11. Nc4 Nh5 12. Qc2 Qe8 13. b4 Bb6 14. Nxb6 axb6 15. Qe2 Qg6 16. Nh4 Qf7 17. Qg4 Nf4 18. Bxf4 exf4 19. Ng6 Rfe8 20. Nxf4 Ne5 21. Qg3 Ra3 22. Ne2 Rea8 23. f4 Nc6 24. f5 e5 25. f6 g6 26. Qg4 Rxa2 27. Rxa2 Rxa2 28. Ng3 Kh7 29. h4 h5 30. Qd1 Ra8 31. Ne2 Qe6 32. Nc1 Rf8 33. Qf3 Nb8 34. d4 Nd7 35. d5 Qxf6 36. Qe2 Qxf1+ 37. Qxf1 Rxf1+ 38. Kxf1 Nf6 39. Ke2 Nxe4 40. Kd3 Nf6 41. c4 Nd7 42. Ne2 Kh6 43. Ke4 Nf6+ 44. Kf3 g5 45. hxg5+ Kxg5 46. Nc3 c6 47. dxc6 bxc6 48. Na4 b5 49. cxb5 cxb5 50. Nc3 Kf5 51. Nxb5 e4+ 52. Kf2 Ke5 53. Nc3 Nd5 54. b5 Nb6 55. Ne2 d5 56. Ng3 h4 57. Nf1 Kf4 58. g3+ hxg3+ 59. Nxg3 e3+ 60. Kg2 d4 61. Ne2+ Ke4 62. Kf1 d3 63. Ng1 Nd5 64. Nh3 d2 65. Ng5+ Kd3 66. Nf3 e2+ 67. Kf2 d1Q 68. Ne1+ Qxe1+ 69. Kxe1 Ke3 70. b6 Nf4 71. b7 Ng2# 0-1